000 00824nam a2200241 a 4500
001 BRCA_7645
005 20190320205927.0
008 041214s1985----mx-a######---f000-1#spa-#
020 _a9681306759
041 _aspa
044 _amx
050 4 _aPQ6323
_b.C47 1985
100 1 _aCervantes Saavedra, Miguel de
_d1547-1616
_9213
245 1 0 _aDon Quijote de la Mancha
_cMiguel de Cervantes Saavedra ; adaptación de Orlando Gil Navarro ; ilustración de A. Lisa.
260 _aMéxico
_bDiana
_c15a imp., 1985
300 _a120 p.
_bil.
_c22 cm.
440 0 _aColección Cuentos y fabulas
_918852
600 1 4 _aCervantes Saavedra, Miguel de
_d1547-1616
_tEl Ingenioso Hidalgo Don Quijote de la Mancha
_918853
700 1 _aGil Navarro, Orlando
_918854
700 1 _aLisa, A.
_eil.
_918855
902 _aQAG
942 _2lcc
_cB
999 _c7319
_d7319